Tanulási útmutató felkészülés az elméleti vizsgára Bevezetés a sebészeti műtéttanba c. tárgyból /
Tartalom: Tantárgy célja A tantárgy elvárt kimeneti követelményei (Kompetenciamérő lap) Számonkérés módja A képzés sikeres elvégzésének feltételei A tanulási eredmények értékelése A kollokviumjegy számítása A tanulási eredmények elérését támogató módszerek: ad 1. Előadások ad 2. Konzultáció az e...
Elmentve itt :
| Szerzők: | |
|---|---|
| További közreműködők: | |
| Dokumentumtípus: | Útmutató |
| Megjelent: |
2020
|
| Kulcsszavak: | sebészet |
| Tárgyszavak: | |
| Online Access: | http://eta.bibl.u-szeged.hu/2932 |
| LEADER | 02408nnm a2200373 i 4500 | ||
|---|---|---|---|
| 001 | eta2932 | ||
| 005 | 20200703143715.0 | ||
| 008 | 200604s2020 hu o 0|| hun d | ||
| 040 | |a SZTE Elektronikus Tananyag Archívum |b hun | ||
| 041 | |a hun | ||
| 100 | 1 | |a Szabó Andrea | |
| 245 | 1 | 0 | |a Tanulási útmutató |h [elektronikus dokumentum] : |b felkészülés az elméleti vizsgára Bevezetés a sebészeti műtéttanba c. tárgyból / |c Szabó Andrea |
| 246 | 1 | 0 | |a Study guide : preparation for the theoretical exam Introduction to Surgical techniques |h [elektronikus dokumentum] |
| 260 | |c 2020 | ||
| 300 | |a 39 | ||
| 516 | |a Guide | ||
| 520 | 3 | |a Tartalom: Tantárgy célja A tantárgy elvárt kimeneti követelményei (Kompetenciamérő lap) Számonkérés módja A képzés sikeres elvégzésének feltételei A tanulási eredmények értékelése A kollokviumjegy számítása A tanulási eredmények elérését támogató módszerek: ad 1. Előadások ad 2. Konzultáció az előadókkal ad 3. Kötelező irodalom ad 4. Az alábbi című videók a Coospace-en (wmw) Témakörök (az elsajátítandó tanagyag sorrendje a források megjelölésével) Források és önellenőrző kérdések (témakörönként) | |
| 520 | 3 | |a Contents: The aim of the subject Expected output requirements for the course (specific learning outcomes to be achieved with the subject): (Competence evalutaion sheet) Criteria for completing the course Assessment of learning outcomes Grading Methods to support learning outcome: ad 1. Lectures ad 2. Consultation with the lecturers ad 3. Compulsory textbooks, recommended literature ad 4. Tutorial videos at Coospace-en (wmw) Topics (in suggested order of the studies) Sources and self-checking questions (detailed by topics) | |
| 650 | 4 | |a Orvos- és egészségtudomány | |
| 650 | 4 | |a Klinikai orvostan | |
| 650 | 4 | |a Sebészet | |
| 695 | |a sebészet | ||
| 700 | 0 | 1 | |a Kovách Kornél |
| 700 | 0 | 1 | |a Boros Mihály |
| 700 | 0 | 1 | |a Érces Dániel |
| 700 | 0 | 1 | |a Hartmann Petra |
| 700 | 0 | 1 | |a Horváth Tamara |
| 700 | 0 | 1 | |a Juhász László |
| 700 | 0 | 1 | |a Kaszaki József |
| 700 | 0 | 1 | |a Rutai Attila |
| 700 | 0 | 1 | |a Tallósy Szabolcs Péter |
| 700 | 0 | 1 | |a Varga Gabriella |
| 700 | 0 | 1 | |a Poles Marietta Zita |e aut |
| 856 | 4 | 0 | |u https://eta.bibl.u-szeged.hu/2932/1/Bevezet%C3%A9s%20a%20seb%C3%A9szeti%20m%C5%B1t%C3%A9ttanba_ELM%C3%89LET-Tanulasi_utmutato-0602.pdf |z Dokumentum-elérés |